| 000 | 01022nam a2200301 4500 | ||
|---|---|---|---|
| 003 | OSt | ||
| 005 | 20260601193405.0 | ||
| 008 | 260505b1991 xxua|||| |||| 00| 0 eng d | ||
| 020 | _a9781878260017 | ||
| 040 |
_aICI _bspa _cICI |
||
| 041 | _aeng | ||
| 050 |
_aBF408 _bC74 |
||
| 100 | 1 |
_aGarcía John, David, _eautor _935398 |
|
| 245 | 1 |
_aCreative transformation : _ba practical guide for maximaizing creativity _cDavid García John |
|
| 264 |
_aEstados Unidos : _bWhitmore Publishing Company , _c1991 |
||
| 300 | _a462 páginas | ||
| 336 |
_atexto _2rdacontent |
||
| 337 |
_asin medio _2rdamedia |
||
| 338 |
_avolumen _2rdacarrier |
||
| 500 | _aGuía práctica para desarrollar y maximizar la creatividad personal y profesional | ||
| 650 |
_aCreatividad _935399 |
||
| 650 |
_aDesarrollo personal _935400 |
||
| 650 |
_aPensamiento creativo _935401 |
||
| 650 |
_aSolución de problemas _935402 |
||
| 650 |
_aAutoactualización (Psicología) _935403 |
||
| 655 |
_2local _aGuías prácticas _935404 |
||
| 942 |
_2lcc _cB _n1 |
||
| 999 |
_c21094 _d21094 |
||